LEADER 02172nam 2200433z- 450 001 9910345961203321 005 20210211 035 $a(CKB)4920000000094102 035 $a(oapen)https://directory.doabooks.org/handle/20.500.12854/41911 035 $a(oapen)doab41911 035 $a(EXLCZ)994920000000094102 100 $a20202102d2018 |y 0 101 0 $aeng 135 $aurmn|---annan 181 $ctxt$2rdacontent 182 $cc$2rdamedia 183 $acr$2rdacarrier 200 00$aBehavioural and Ecological Consequences of Urban Life in Birds 210 $cFrontiers Media SA$d2018 215 $a1 online resource (364 p.) 225 1 $aFrontiers Research Topics 311 08$a2-88945-497-5 330 $aUrbanization is next to global warming the largest threat to biodiversity. Indeed, it is becoming increasingly evident that many bird species get locally extinct as a result of urban development. However, many bird species benefit from urbanization, especially through the abundance of human-provided resources, and increase in abundance and densities. These birds are intriguing to study in relation to its resilience and adaption to urban environments, but also in relation to its susceptibility and the potential costs of urban life. This Research Topic consisting of 30 articles (one review, two meta-analyzes and 27 original data papers) provides insights into species and population responses to urbanization through diverse lenses, including biogeography, community ecology, behaviour, life history evolution, and physiology. 606 $aEcological science, the Biosphere$2bicssc 610 $aBiodiversity 610 $aBirds 610 $aEnvironmental stress 610 $aHuman-bird interactions 610 $aHuman-provided resources 610 $aSpecies interactions 610 $aUrbanization 615 7$aEcological science, the Biosphere 700 $aCaroline Isaksson$4auth$01320426 702 $aAmanda D. Rodewald$4auth 702 $aDiego Gil$4auth 906 $aBOOK 912 $a9910345961203321 996 $aBehavioural and Ecological Consequences of Urban Life in Birds$93034292 997 $aUNINA LEADER 03314nam 2200649Ia 450 001 9910974076703321 005 20251104180855.0 010 $a1-56027-784-X 035 $a(CKB)2550000000007361 035 $a(EBL)485605 035 $a(OCoLC)609856353 035 $a(SSID)ssj0000356462 035 $a(PQKBManifestationID)11261572 035 $a(PQKBTitleCode)TC0000356462 035 $a(PQKBWorkID)10349895 035 $a(PQKB)11728220 035 $a(MiAaPQ)EBC3028380 035 $a(MiAaPQ)EBC485605 035 $a(Au-PeEL)EBL3028380 035 $a(CaPaEBR)ebr10366908 035 $a(CaONFJC)MIL534922 035 $a(Au-PeEL)EBL485605 035 $a(EXLCZ)992550000000007361 100 $a20051007e20092004 ua 0 101 0 $aeng 135 $aur|n|---||||| 181 $ctxt 182 $cc 183 $acr 200 00$aAirplane flying handbook 205 $a2nd ed. 210 $a[Washington, DC] $cU.S. Dept. of Transportation, Federal Aviation Administration, Flight Standards Service ;$aNewcastle, Washington $cAviation Supplies & Academics, Inc.$d2009$dc2004 215 $a1 online resource (281 p.) 225 1 $aFAA Handbooks 300 $a"FAA-H-8083-3A." 300 $aOriginally published by the U.S. Dept. of Transportation, Federal Aviation Administration, Flight Standards Service. 311 08$a1-56027-557-X 327 $aCover; Preface; Table of Contents; Chapter 1 - Introduction to Flight Training; Chapter 2 - Ground Operations; Chapter 3 - Basic Flight Maneuvers; Chapter 4 - Slow Flight, Stalls, and Spins; Chapter 5 - Takeoffs and Departure Climbs; Chapter 6 - Ground Reference Maneuvers; Chapter 7 - Airport Traffic Patterns; Chapter 8 - Approaches and Landings; Chapter 9 - Performance Maneuvers; Chapter 10 - Night Operations; Chapter 11 - Transition to Complex Airplanes; Chapter 12 - Transition to Multiengine Airplanes; Chapter 13 - Transition to Tailwheel Airplanes 327 $aChapter 14 - Transition to Turbopropeller Powered AirplanesChapter 15 - Transition to Jet Powered Airplanes; Chapter 16 - Emergency Procedures; Glossary; Index 330 $aThe fundamental skills and essential information necessary for piloting airplanes are introduced in this beginning aviator's guide. Pilots wishing to improve their flying proficiency and aeronautical knowledge, flyers preparing for additional certificates or ratings, and flight instructors engaged in the instruction of both students and licensed pilots will benefit from the information in this pilot resource. The official FAA reference for the aviator-in-training, many test questions for the FAA Knowledge Exams for pilots come directly from this guide. 410 0$aFAA Handbooks 606 $aAirplanes$xPiloting$vHandbooks, manuals, etc 606 $aFlight training$vHandbooks, manuals, etc 615 0$aAirplanes$xPiloting 615 0$aFlight training 676 $a629.132/52 676 $a629.13252 712 02$aUnited States.$bFederal Aviation Administration. 712 02$aUnited States.$bFlight Standards Service. 712 02$aAviation Supplies & Academics, Inc. 801 0$bMiAaPQ 801 1$bMiAaPQ 801 2$bMiAaPQ 906 $aBOOK 912 $a9910974076703321 996 $aAirplane flying handbook$92686913 997 $aUNINA